| Tag |
First Indicator |
Second Indicator |
Subfields |
| LEADER |
00000cam a2200000 a 4500 |
| 001 |
in00002787628 |
| 005 |
20211120170403.0 |
| 006 |
m o d f |
| 007 |
cr bn||||||||| |
| 008 |
121105s2008 gauab ob f001 0 eng c |
| 035 |
|
|
|a (OCoLC)ocn815959051
|
| 040 |
|
|
|a GPO
|c GPO
|d GPO
|d MvI
|d UtOrBLW
|
| 042 |
|
|
|a pcc
|
| 049 |
|
|
|a WWW
|
| 074 |
|
|
|a 0504-R-04 (online)
|
| 086 |
0 |
|
|a HE 20.518:C 86/2/UPDATE
|
| 245 |
0 |
0 |
|a Toxicological profile for cresols.
|
| 246 |
3 |
0 |
|a Cresols
|
| 264 |
|
1 |
|a Atlanta, GA :
|b U.S. Dept. of Health and Human Services, Public Health Service, Agency for Toxic Substances and Disease Registry,
|c [2008]
|
| 300 |
|
|
|a 1 online resource (xx, 232 pages) :
|b illustrations, maps.
|
| 336 |
|
|
|a text
|b txt
|2 rdacontent
|
| 337 |
|
|
|a computer
|b c
|2 rdamedia
|
| 338 |
|
|
|a online resource
|b cr
|2 rdacarrier
|
| 500 |
|
|
|a Title from title screen (viewed on November 5, 2012).
|
| 500 |
|
|
|a "September 2008."
|
| 504 |
|
|
|a Includes bibliographical references (pages 199-225) and index.
|
| 500 |
|
|
|a Electronic resource.
|
| 650 |
|
0 |
|a Cresol
|x Toxicology.
|
| 650 |
|
0 |
|a Cresol
|x Physiological effect.
|
| 650 |
|
0 |
|a Cresol
|x Environmental aspects.
|
| 710 |
1 |
|
|a United States.
|b Agency for Toxic Substances and Disease Registry.
|
| 856 |
4 |
0 |
|u https://purl.fdlp.gov/GPO/gpo30886
|t 0
|
| 999 |
|
|
|a MARS
|
| 999 |
f |
f |
|s 55b30cfe-282d-316a-935b-1c4ab2f856b6
|i f84d1375-9afd-318d-a6a1-0142a2faf2bb
|t 0
|
| 952 |
f |
f |
|a Texas A&M University
|b College Station
|c Electronic Resources
|d Available Online
|t 0
|e HE 20.518:C 86/2/UPDATE
|h Superintendent of Documents classification
|
| 998 |
f |
f |
|a HE 20.518:C 86/2/UPDATE
|t 0
|l Available Online
|